00269nam a2200121Ia 45000030006000000080041000060400015000471000024000622450023000862600009001095460012001180050017001300STCL150530s9999 xx 000 0 und d aSTCLcSTCL aHaig Babian; Editor aPermanent frontier c1961 aEnglish20220125165525.0